El Montsià : estructura i dinàmica sòcio-econòmica / Josep-Joan Grau i Folch, Jesús Sorribes i Montserrat estructura i dinàmica sòcio-econòmica / Josep-Joan Grau i Folch, Jesús Sorribes i Montserrat
Descripción Física:
XV, 473 p. : amb map. ; 24 cm
Colección:
Catalunya comarcal
Otros Autores:
Sorribes i Montserrat, Jesús
MARC
| LEADER | 00000nam a2200000Ia 4500 | ||
|---|---|---|---|
| 001 | 1360 | ||
| 008 | 160829s1982 xx 000 0 cat d | ||
| 080 | |a M-1-298 | ||
| 100 | |a Grau i Folch, Josep-Joan |9 32017 | ||
| 245 | |a El Montsià : |b estructura i dinàmica sòcio-econòmica / Josep-Joan Grau i Folch, Jesús Sorribes i Montserrat | ||
| 260 | |a Barcelona : |b Caixa d'Estalvis de Catalunya, |c 1982 | ||
| 300 | |a XV, 473 p. : |b amb map. ; |c 24 cm | ||
| 490 | |a Catalunya comarcal | ||
| 650 | |a Montsià |x Condicions econòmiques |9 32018 | ||
| 650 | |a Montsià |x Condicions socials |9 32019 | ||
| 700 | |a Sorribes i Montserrat, Jesús |9 35326 | ||
| 901 | |a Arxiu | ||
| 942 | |n 1 | ||
| 952 | |0 0 |1 0 |4 0 |6 M1298 |7 1 |9 45838 |a Arxiu |b Arxiu |d 2016-12-01 |l 0 |o M-1-298 |p 1360 |r 2016-12-01 00:00:00 |w 2016-12-01 |y ARXIU | ||
| 999 | |c 49338 |d 49338 | ||